000 00586cam a22001937i 4500
001 18888336
005 20230324150800.0
008 151013s2015 ii 000 j eng d
010 _a 2015364821
020 _a9789385288937
082 0 4 _aFIC 813.54 SHE
100 1 _aShekhar, Hansda Sowvendra,
_eauthor.
245 1 4 _aThe adivasi will not dance :
_bstories /
_cHansda Sowvendra Shekhar.
264 1 _aNew Delhi, India :
_bSpeaking Tiger,
_c2015.
300 _a189 pages ;
_c21 cm
500 _aShort stories.
650 0 _aSantal (South Asian people)
_vFiction.
942 _2ddc
_cMAIN
999 _c9000
_d9001